Advances in Reinforcement Learning: A Comprehensive Review of Real-World Applications in Industry; Acta Scientific Computer Sciences; Vol. 5, iss. 5

Dettagli Bibliografici
Parent link:Acta Scientific Computer Sciences.— .— Hyderabad: Acta Scientific
Vol. 5, iss. 5.— 2023.— P. 32-38
Autore principale: Usenko K. Kirill
Ente Autore: National Research Tomsk Polytechnic University
Altri autori: Goncharov V. I. Valery Ivanovich
Riassunto:This paper investigates the current feasibility of utilizing reinforcement learning algorithms in the industrial sector. Although many studies have showcased the success of these algorithms in simulations or on isolated real-world objects, there is a paucity of research examining their wider implementation in real-world systems. In this study, we identify the obstacles that must be surmounted to fully leverage the potential benefits of reinforcement learning algorithms in practical applications. Moreover, we present a thorough overview of existing literature aimed at tackling these challenges.
Текстовый файл
Lingua:inglese
Pubblicazione: 2023
Soggetti:
Accesso online:https://actascientific.com/ASCS/ASCS-05-0441.php
Natura: MixedMaterials Elettronico Capitolo di libro
KOHA link:https://koha.lib.tpu.ru/cgi-bin/koha/opac-detail.pl?biblionumber=671038

MARC

LEADER 00000naa0a2200000 4500
001 671038
005 20240606115546.0
090 |a 671038 
100 |a 20240301d2023 k||y0rusy50 ca 
101 1 |a eng  |c rus 
102 |a IN 
135 |a drcn ---uucaa 
181 0 |a a   |b  e  
182 0 |a b 
183 0 |a cr  |2 RDAcarrier 
200 1 |a Advances in Reinforcement Learning: A Comprehensive Review of Real-World Applications in Industry  |f K. Ussenko and V. I. Goncharov  |d Достижения в области обучения с подкреплением: Всесторонний обзор реальных применений в промышленности 
203 |a Текст  |b визуальный  |c электронный 
283 |a online_resource  |2 RDAcarrier 
320 |a References: p. 36-38 (50 tit.) 
330 |a This paper investigates the current feasibility of utilizing reinforcement learning algorithms in the industrial sector. Although many studies have showcased the success of these algorithms in simulations or on isolated real-world objects, there is a paucity of research examining their wider implementation in real-world systems. In this study, we identify the obstacles that must be surmounted to fully leverage the potential benefits of reinforcement learning algorithms in practical applications. Moreover, we present a thorough overview of existing literature aimed at tackling these challenges. 
336 |a Текстовый файл 
461 |c Hyderabad  |n Acta Scientific  |t Acta Scientific Computer Sciences 
463 |d 2023  |t Vol. 5, iss. 5  |v P. 32-38 
610 1 |a Reinforcement Learning 
610 1 |a Deep Learning 
610 1 |a Sim-to-real 
610 1 |a Engineering 
610 1 |a Artificial Intelligence 
610 1 |a Control 
610 1 |a Robotics 
610 1 |a Autonomous Control 
610 1 |a труды учёных ТПУ 
610 1 |a электронный ресурс 
700 1 |a Usenko  |b K.  |g Kirill 
701 1 |a Goncharov  |b V. I.  |c radio technician, specialist in the field of informatics and computer technology  |c Professor of Tomsk Polytechnic University, Doctor of technical sciences  |f 1937-  |g Valery Ivanovich  |9 15502 
712 0 2 |a National Research Tomsk Polytechnic University  |9 27197 
801 0 |a RU  |b 63413507  |c 20240301 
850 |a 63413507 
856 4 |u https://actascientific.com/ASCS/ASCS-05-0441.php 
942 |c CR